[Event "Linares 16th"]
[Site "Linares"]
[Date "1999.02.21"]
[Round "1"]
[White "Kasparov, Garry"]
[Black "Svidler, Peter"]
[Result "1/2-1/2"]
[WhiteElo "2812"]
[BlackElo "2713"]
[Annotator "Wedberg,T"]
[PlyCount "62"]
[EventDate "1999.02.21"]
[EventType "tourn"]
[EventRounds "14"]
[EventCountry "ESP"]
[EventCategory "20"]
[SourceTitle "CBM 070"]
[Source "ChessBase"]
[SourceDate "1999.06.08"]
[SourceVersion "1"]
[SourceVersionDate "1999.06.08"]
[SourceQuality "1"]

1. e4 e5 2. Nf3 Nc6 3. Bb5 a6 4. Ba4 Nf6 5. O-O Be7 6. Re1 b5 7. Bb3 O-O 8. d3
{A pity. I would very much like to see Kasparov play the white side of the
Marshall.} d6 9. c3 Na5 10. Bc2 c5 11. Nbd2 Nc6 12. Nf1 Re8 13. h3 h6 14. d4
cxd4 15. cxd4 exd4 16. Nxd4 Nxd4 17. Qxd4 Bb7 18. Ng3 d5 19. e5 Ne4 20. Nxe4
$146 (20. Qd3 Bc5 21. Be3 Qb6 22. Kh2 $13 {1-0 Rodriguez,A-German,G/Boca 1997/
CBM 58 ext (35)}) 20... dxe4 21. Be3 Qxd4 22. Bxd4 Bb4 $6 (22... Rad8 23. Rad1
(23. Bxe4 $2 Bb4 24. Re2 Bxe4 25. Rxe4 f5 26. Rf4 g5 $19) 23... Bb4 24. Re3 Rd7
$11) 23. Red1 Bd5 (23... Rad8 $142) 24. a3 Ba5 25. Bc5 Bb7 26. Bd6 $14 {
Svidler has given Kasparov a slight but clear advantage.} Bb6 27. Bb3 Rac8 28.
a4 g5 29. axb5 $6 $11 (29. a5 $1 {Kasparov claims a win with this move on his
own website.} Ba7 30. Kf1 $16) 29... axb5 30. Bb4 Rcd8 31. Bc3 e3 1/2-1/2

[Event "RUS-Cup03 Geller Memorial"]
[Site "Moscow"]
[Date "1999.02.08"]
[Round "7"]
[White "Kuporosov, Viktor"]
[Black "Igriashvili, Zurab"]
[Result "1-0"]
[WhiteElo "2485"]
[BlackElo "2327"]
[Annotator "Wedberg,T"]
[PlyCount "94"]
[EventDate "1999.02.10"]
[EventType "swiss"]
[EventRounds "9"]
[EventCountry "RUS"]
[SourceTitle "CBM 070"]
[Source "ChessBase"]
[SourceDate "1999.06.08"]
[SourceVersion "1"]
[SourceVersionDate "1999.06.08"]
[SourceQuality "1"]

1. e4 e5 2. Nf3 Nc6 3. Bb5 a6 4. Ba4 Nf6 5. O-O b5 6. Bb3 Be7 7. Re1 d6 8. c3
Bg4 9. d3 a5 $5 {This is sometimes a reasonable move in the Ruy Lopez. It's a
bit weakening. White can easily get a number of squares for his pieces on the
Q-side. On the other hand is Black gaining some space.} (9... O-O 10. Nbd2 Na5
11. Bc2 c5 {is the theoretical main line.}) 10. a4 b4 11. Nbd2 {Now White has
c4 and even b5 for his pieces.} Rb8 12. Bc4 O-O 13. h3 Bh5 $6 {The B ends up
in the margin after this retreat.} (13... Be6 $142 {This looks fairly equal.}
14. d4 (14. Bxe6 fxe6 $11) 14... bxc3 15. bxc3 exd4 16. cxd4 d5 $11) 14. Nf1
bxc3 15. bxc3 $14 {The B is very strong on c4. Black has no play.} d5 $6 {
This is too loosening.} 16. exd5 Nxd5 17. Bd2 Nb6 $2 {Losing a P for nothing.}
(17... Qd6 $142 18. Ng3 Bg6 19. Ne4 $14) 18. Bb5 Na7 19. Rxe5 Bg6 20. Ba6 Bf6
21. Rxa5 Nc6 22. Rc5 Qd6 23. d4 $18 Nd7 24. Rb5 Nxd4 25. cxd4 Qxa6 26. Rxb8
Rxb8 27. Bf4 Rc8 28. Rc1 c6 29. Ne5 Nxe5 30. Bxe5 Bg5 31. Rc3 f6 32. Bd6 Rd8
33. Bc5 Rb8 34. Rb3 Re8 35. Rb6 Qa5 36. Qb3+ Bf7 37. Qb4 Qa8 38. a5 Bf4 39. a6
Bd5 40. Ne3 Bxe3 41. fxe3 f5 42. Qb2 Qa7 43. Qf2 Bc4 44. Qf3 Qd7 45. Rb7 Qc8
46. Qg3 g6 47. Qh4 Bf7 (47... Bf7 48. Qf6 Qe6 49. Qxe6 Bxe6 50. a7 $18) 1-0

[Event "Politiken Cup 18th"]
[Site "Copenhagen"]
[Date "1996.??.??"]
[Round "3"]
[White "Mortensen, Erling"]
[Black "Hjartarson, Johann"]
[Result "1-0"]
[WhiteElo "2430"]
[BlackElo "2570"]
[Annotator "Wedberg,T"]
[PlyCount "95"]
[EventDate "1996.06.??"]
[EventType "swiss"]
[EventRounds "11"]
[EventCountry "DEN"]
[SourceTitle "CBM 054"]
[Source "ChessBase"]
[SourceDate "1996.10.01"]
[SourceVersion "1"]
[SourceVersionDate "1996.10.01"]
[SourceQuality "1"]

1. e4 e5 2. Nf3 Nc6 3. Bb5 a6 4. Ba4 Nf6 5. O-O Be7 6. Re1 b5 7. Bb3 O-O 8. d3
d6 9. c3 Na5 10. Bc2 c5 11. Nbd2 Re8 12. Nf1 h6 13. d4 Qc7 14. Ne3 (14. d5 Bd7
15. b3 Bf8 16. h3 g6 17. Be3 c4 18. b4 Nb7 19. Qd2 h5 20. N3h2 a5 21. a3 Ra6
$10 {0-1 Kharlov,A-Hjartarson,J/EuCup f (Bayern-Cheliabinsk) (1) 1992 (71)})
14... Bf8 15. d5 c4 (15... Bd7 16. b3 c4 17. b4 Nb7 18. a3 a5 19. Rb1 axb4 20.
axb4 g6 21. h3 Ra2 $10 {1/2-1/2 Emms,J-Tisdall,J/Gausdal Int (05) ;EXP 47 1995
(27)}) 16. b4 cxb3 17. axb3 Nb7 18. Bd2 Nc5 19. Qb1 Bg4 (19... Rb8 20. b4 Ncd7
21. Bd3 Nb6 22. Rc1 Na4 $2 23. c4 $16 {1-0 Cabrilo,G-Ziatdinov,R/Beograd 52/
347 1991 (46)}) 20. b4 Ncd7 21. Nxg4 Nxg4 22. h3 Ngf6 23. Bd3 Nb6 24. Be3 Nbxd5
$5 25. exd5 e4 26. Bd4 exf3 27. Rxe8 Rxe8 28. Rxa6 fxg2 29. Bxb5 Qc8 30. Kxg2
Nh5 (30... Nxd5 31. Bxe8 (31. Qf1 Nf4+ 32. Kg3 Re1 33. Qxe1 Qxh3+ 34. Kxf4 g5+
35. Ke4 Qe6+ $19) 31... Qxa6 32. Qf5 Qb7 33. Kg3 $16) 31. Be3 (31. Bxe8 $6 Nf4+
32. Kg1 $8 (32. Kg3 $4 Qxh3+ 33. Kxf4 g5+ 34. Ke4 f5# {This mate is the point
of leaving the pawn on d5.}) 32... Qxh3 33. Qf1 Qg4+ 34. Kh2 Qh4+ 35. Kg1 Qg4+
$10) 31... Re5 (31... Rxe3 32. fxe3 Qxc3 33. Be2 Qe5 34. Bxh5 Qxh5 35. Qd3 $16)
32. Be2 $6 (32. Qd3 $16) 32... Qxc3 33. Rc6 Qa3 34. Bxh5 Rxh5 35. b5 Rxd5 36.
b6 Qa6 37. Rc7 Rb5 38. Qe4 Qa5 (38... Qa2 $5 39. b7 Qb3 $13) 39. Ra7 Qe1 $2 (
39... Re5 $8) 40. Qf3 $1 Rb1 41. Qxf7+ Kh7 42. Qf5+ Kg8 43. Qd5+ Kh8 44. Kg3
Qg1+ 45. Qg2 Kg8 46. Qxg1 Rxg1+ 47. Kf3 Rb1 48. Rd7 1-0

[Event "Escaldes zt"]
[Site "Escaldes"]
[Date "1998.11.13"]
[Round "8"]
[White "Emms, John M"]
[Black "Miralles, Gilles"]
[Result "1-0"]
[WhiteElo "2585"]
[BlackElo "2515"]
[Annotator "Wedberg,T"]
[PlyCount "87"]
[EventDate "1998.11.06"]
[EventType "swiss"]
[EventRounds "9"]
[EventCountry "AND"]
[SourceTitle "CBM 068"]
[Source "ChessBase"]
[SourceDate "1999.02.01"]
[SourceVersion "1"]
[SourceVersionDate "1999.02.01"]
[SourceQuality "1"]

{[%mdl 4] This is a model game in two ways. Firstly it's a nice example of how
to force back a N to b7 in the spanish. Secondly it's a guide to winning
against such a passive N on b7. The comment to Blacks move 33 shows one line
in which White is completely in command even a P down.} 1. e4 {Baburin} e5 2.
Nf3 Nc6 3. Bb5 a6 4. Ba4 Nf6 5. O-O Be7 6. Re1 b5 7. Bb3 d6 8. c3 O-O 9. d3 Na5
10. Bc2 c5 11. Nbd2 Re8 12. Nf1 Nc6 13. Ne3 Bf8 14. a4 Bb7 15. Bb3 (15. Nf5 Ne7
16. N3h4 Ng6 17. Bg5 d5 18. Qf3 Re6 19. Qg3 Qc7 20. Rad1 Rae8 $13 {0-1 Nunn,
J-Timman,J/London 1980/MCD (38)}) 15... Qd7 $6 (15... Na5 16. Ba2 (16. Bd5 $5)
16... c4 $132) 16. Nd5 Nxd5 17. Bxd5 $14 Na5 $2 (17... h6 $142) 18. axb5 axb5
19. b4 $1 {[%mdl 4] This move forces back the N to b7.} Bxd5 $8 (19... Nc6 20.
Ng5 $1 $40 Re7 (20... Rxa1 21. Qh5 h6 22. Bxf7+ Kh8 23. Qg6 $18) 21. Rxa8 Bxa8
22. Qh5 h6 23. Re3 cxb4 24. Rh3 {/\Qg6} Kh8 25. Bxf7 Nd8 26. Qg6 $18) 20. exd5
Nb7 $16 {פb7} 21. Be3 Qf5 22. Qd2 h6 23. Qe2 Be7 (23... e4 24. dxe4 Qxe4 25.
Qxb5 $18) 24. h3 Bf6 25. Nd2 Qg6 26. Rab1 Ra2 27. Red1 e4 28. d4 c4 29. Qg4 Bg5
$6 (29... Qxg4 $142 30. hxg4 Ra3 31. Rbc1 $14 {פb7, /\Nf1-g3}) 30. Qd7 $36 Re7
31. Qc8+ Kh7 {Baburin: 'Black's knight is a very unfortunate beast and the
best way to prove it is to gain control over the a-file, which had been opened
by Black and which now works again him.'} 32. Ra1 $1 {[%mdl 4] White
sacrifices a P to generate play around the weak N on b7.} Rxa1 33. Rxa1 $16 f5
(33... Bxe3 34. fxe3 Qg5 35. Nf1 Qxd5 36. Ra8 $16 {/\Rb8, Pg4, Ng3-f5 ->}) 34.
Ra8 $40 Qf7 35. Bxg5 hxg5 36. g4 $1 $18 {'!' Baburin.} fxg4 37. hxg4 e3 38.
fxe3 Rxe3 39. Qh8+ Kg6 40. Qh5+ Kf6 41. Qxf7+ Kxf7 42. Rb8 Re7 43. Kf2 Kg6 44.
Nb1 {Baburin: 'This position would be an excellent illustration to the theme
'Piece out of Play', which was covered in CBM-50. Black's knight has
absolutely no future, which explains his decision to give up.'} 1-0

[Event "Groningen PCA"]
[Site "Groningen"]
[Date "1993.??.??"]
[Round "8"]
[White "Adams, Michael"]
[Black "Sokolov, Ivan"]
[Result "1-0"]
[WhiteElo "2630"]
[BlackElo "2610"]
[Annotator "Wedberg,T"]
[PlyCount "97"]
[EventDate "1993.12.??"]
[EventType "swiss"]
[EventRounds "11"]
[EventCountry "NED"]
[SourceTitle "CBM 039"]
[Source "ChessBase"]
[SourceDate "1994.04.01"]
[SourceVersion "1"]
[SourceVersionDate "1994.04.01"]
[SourceQuality "1"]

1. e4 e5 2. Nf3 Nc6 3. Bb5 a6 4. Ba4 Nf6 5. O-O Be7 6. Re1 b5 7. Bb3 O-O 8. d3
d6 9. c3 Na5 10. Bc2 c5 11. Nbd2 Nc6 12. Nf1 d5 $6 (12... Nd7 13. Ne3 Nb6 14.
d4 cxd4 15. cxd4 Bf6 16. d5 Nd4 17. Nxd4 exd4 18. Nf1 Na4 19. Bxa4 bxa4 20.
Qxa4 Rb8 21. Qa3 g5 {Bologan-Savon/Nikolaev 1993}) (12... h6 13. h3 Qc7 14. Ne3
Be6 15. Bb3 Rfe8 16. Nh2 Rad8 17. Qf3 Na5 18. Bc2 d5 {= Cheshkovsky-Savon/
Moscow 1992}) 13. exd5 Qxd5 14. Bb3 (14. a4 $14) 14... Qd6 15. Qe2 Nd7 16. Ng3
$40 Qc7 17. Nf5 Bd8 18. Ng5 Nf6 19. Qf3 Rb8 20. Ne4 Nxe4 21. dxe4 c4 22. Bc2
Ne7 23. Qg3 Nxf5 24. exf5 Bf6 (24... f6 $14) 25. h4 $1 Kh8 (25... Re8 26. Bg5
Qe7 27. f4 $16) 26. Bg5 Bb7 27. Rad1 Rbd8 28. Qe3 Rxd1 $2 (28... Bxg5 29. hxg5
f6 30. g6 h6 31. Be4 Bxe4 32. Qxe4 $14 {עh8}) 29. Rxd1 Qe7 $6 (29... Bxg5 30.
hxg5 f6 31. g6 h6 32. Be4 $16) (29... Rd8 30. Rxd8+ Qxd8 31. Qxe5 Bxe5 32. Bxd8
$16) 30. Qb6 $16 Bc8 31. Bxf6 Qxf6 32. Qxf6 gxf6 33. Rd6 Kg7 34. Be4 $18 Re8
35. g4 h6 36. Kh2 Rg8 37. Kg3 a5 38. a3 Re8 39. f3 Re7 40. g5 hxg5 41. hxg5 Rd7
42. gxf6+ Kh6 43. Rxd7 Bxd7 44. f4 exf4+ 45. Kxf4 a4 46. Bd5 Be8 47. Kg4 Kh7
48. Kg5 Kg8 49. Kf4 1-0

[Event "Hoogeveen Essent Crown"]
[Site "Hoogeveen"]
[Date "2003.10.18"]
[Round "6"]
[White "Polgar, Judit"]
[Black "Aronian, Levon"]
[Result "1-0"]
[WhiteElo "2722"]
[BlackElo "2649"]
[Annotator "Wedberg,T"]
[PlyCount "69"]
[EventDate "2003.10.12"]
[EventType "tourn"]
[EventRounds "6"]
[EventCountry "NED"]
[EventCategory "18"]
[SourceTitle "CBM 098"]
[Source "ChessBase"]
[SourceDate "2004.02.03"]
[SourceVersion "1"]
[SourceVersionDate "2004.02.03"]
[SourceQuality "1"]

{[%mdl 2]} 1. e4 e5 2. Nf3 Nc6 3. Bb5 a6 4. Ba4 Nf6 5. O-O Be7 6. Re1 b5 7. Bb3
O-O 8. d3 {Avoiding the Marschall attack. Fewer and fewer seems to want to
enter that complicated line with White these days.} d6 9. c3 Na5 10. Bc2 c5 11.
Nbd2 Nc6 12. Nf1 Re8 13. a4 Be6 (13... Bb7 14. Ne3 g6 15. h3 Bf8 16. Nh2 Bg7 {
is another setup tried in 1/2-1/2 Matanovic,A-O'Kelly de Galway,A/Zagreb 1955/
MCD (38)}) 14. Ne3 h6 15. d4 $1 {Even though White started with d3, d4 was
still the plan. White seems to have a slight pull here.} exd4 16. cxd4 Nxd4 17.
Nxd4 cxd4 18. Qxd4 Nd7 19. axb5 axb5 20. Bd2 Bf6 (20... Qb6 $5) 21. Qxd6 Rxa1
22. Rxa1 Bxb2 23. Rb1 Be5 24. Qd3 Qc7 25. Nd5 Bxd5 (25... Bxh2+ 26. Kh1 Bxd5
27. exd5 Bd6 28. Qh7+ Kf8 29. Bd3 Re5 30. Qh8+ Ke7 31. Qxg7 $14) 26. exd5 Nf6
27. g3 Rc8 $6 (27... Rb8) 28. Bd1 Qc4 $4 29. Rc1 $1 $18 {[%mdl 64] Judit never
misses shots like this one.} Qxc1 (29... Qxd3 30. Rxc8+ Kh7 31. Bc2 $18) 30.
Bxc1 Rxc1 31. d6 Nd7 32. Kg2 Bf6 33. Bc2 g6 34. Bb3 Kg7 35. Qd5 1-0

[Event "North Sea Cup 15th"]
[Site "Esbjerg"]
[Date "2000.07.13"]
[Round "7"]
[White "Emms, John M"]
[Black "Svidler, Peter"]
[Result "0-1"]
[WhiteElo "2527"]
[BlackElo "2689"]
[Annotator "Wedberg,T"]
[PlyCount "86"]
[EventDate "2000.07.07"]
[EventType "tourn"]
[EventRounds "9"]
[EventCountry "DEN"]
[EventCategory "14"]
[SourceTitle "CBM 078"]
[Source "ChessBase"]
[SourceDate "2000.10.18"]
[SourceVersion "1"]
[SourceVersionDate "2000.10.18"]
[SourceQuality "1"]

1. e4 e5 2. Nf3 Nc6 3. Bb5 a6 4. Ba4 Nf6 5. O-O Be7 6. Re1 b5 7. Bb3 d6 8. c3
O-O 9. d3 Na5 10. Bc2 c5 11. Nbd2 Re8 12. Nf1 Bb7 13. a3 h6 14. b4 (14. Ne3 c4
$1 15. b4 cxb3 16. Bxb3 Nxb3 17. Qxb3 Nd7 $15 {1/2-1/2 Emms,J-Almasi,Z/
Kopavogur 1994/CBM 41 ext (48)}) 14... cxb4 15. cxb4 Nc6 16. Bb2 Bf8 17. Bb3 a5
$5 $146 {[%mdl 8] Playing this break with the R still on a8 adds some
interesting possibilities. The white setup is not giving Emms any dividends.} (
17... Rc8 18. Ne3 Qd7 19. Rc1 a5 20. bxa5 Nxa5 21. Ba2 Rxc1 22. Qxc1 Nc6 $13 {
[Leko,P]. 0-1 Emms,J-Leko,P/Copenhagen 1995/CBM 46/[Leko] (42)}) 18. bxa5 Nxa5
19. Ba2 (19. Bc2 Nc6 20. d4 $6 exd4 21. Nxd4 Nxd4 22. Qxd4 Bxe4 $1 23. Bxe4 Ra4
$17) 19... Qd7 20. Ng3 Nc6 21. h3 (21. d4 $6 {is just not functional} exd4 22.
Nxd4 Nxd4 23. Qxd4 Ra4 $1 $17) 21... d5 $15 {Black wins the battle for this
advance. In effect White is playing Black now.} 22. Bb3 (22. exd5 Nxd5 23. Nxe5
Nxe5 24. Bxe5 Rxa3 $15) 22... d4 23. a4 b4 24. Nd2 $6 (24. Bc4 $142) 24... Na5
25. Ne2 Nxb3 26. Qxb3 Qd8 27. f4 Nd7 28. fxe5 Nxe5 29. Qc2 (29. Bxd4 Ba6 30.
Bxe5 Rxe5 31. Nf3 Ra5 32. d4 Bb5 33. Ne5 Qe8 $36) 29... Ba6 30. Nc1 $17 {
White is in retreat mode. Black is looking for killer moves at this point.} Rc8
31. Qb1 Nd7 $2 (31... Qg5 $1 {would have won on the spot.} 32. Re2 (32. Rd1
Qe3+ $19) 32... Rxc1+ $1 33. Qxc1 Nxd3 34. Qc6 (34. Qc2 Nf4 $19) 34... Re6 $19)
32. Nf3 $2 (32. Bxd4 $142 $13) 32... Ne5 33. Nxe5 (33. Nxd4 $2 Bc5 34. Ncb3
Bxd3 35. Qd1 Bc2 $19) 33... Rxe5 $17 34. Nb3 Rg5 $40 35. Bxd4 Rg3 36. Re3 Rxe3
37. Bxe3 Bxd3 38. Qd1 Bxe4 39. Qxd8 Rxd8 40. Bc5 $2 Bc2 $19 41. Bxf8 Kxf8 42.
Na5 Ra8 43. Nc4 Rxa4 0-1

[Event "Chigorin Memorial 07th"]
[Site "St Petersburg"]
[Date "1999.11.08"]
[Round "7"]
[White "Yemelin, Vasily"]
[Black "Zaitsev, Igor A"]
[Result "1-0"]
[WhiteElo "2500"]
[BlackElo "2420"]
[Annotator "Wedberg,T"]
[PlyCount "81"]
[EventDate "1999.11.02"]
[EventType "swiss"]
[EventRounds "9"]
[EventCountry "RUS"]
[SourceTitle "CBM 074"]
[Source "ChessBase"]
[SourceDate "2000.02.01"]
[SourceVersion "1"]
[SourceVersionDate "2000.02.01"]
[SourceQuality "1"]

1. e4 e5 2. Nf3 Nc6 3. Bb5 a6 4. Ba4 Nf6 5. O-O Be7 6. Re1 b5 7. Bb3 O-O 8. d3
d6 9. c3 Be6 10. Bxe6 (10. Nbd2 {is main line.}) 10... fxe6 {Now Black has a
clear and simple plan - to attack on the K-side, with moves like Qe8-g6 and
Nh5-f4. Doubling on the f-file suggests itself.} 11. Nbd2 (11. d4 exd4 12. cxd4
d5 13. e5 Ne4 14. Nbd2 Bb4 15. Nxe4 Rxf3 16. Qxf3 Bxe1 17. Ng5 Qe7 18. Be3 $16
{1-0 Wolff,P-Hartman,B/Toronto 1985/EXT 99 (44)}) (11. a4 b4 12. Qe2 Nh5 13. d4
bxc3 14. bxc3 exd4 15. Nxd4 Nxd4 16. cxd4 Nf4 17. Bxf4 Rxf4 $11 {0-1 Yates,
F-Marshall,F/New York 1924/HCL (41)}) 11... Nh5 (11... Qd7 12. Nf1 Rad8 13. Qe2
Nh5 14. d4 Nf4 15. Bxf4 Rxf4 16. a4 exd4 17. cxd4 bxa4 18. Ng3 Rdf8 $13 {
1/2-1/2 Matanovic,A-Smyslov,V/Zagreb 1955/MCD (37)}) 12. d4 exd4 13. cxd4 d5
14. e5 Qe8 $1 $15 {Black has a nice game.} 15. Nf1 Qg6 16. Be3 (16. a3 Rxf3 17.
Qxf3 Nxd4 $16) 16... Nb4 $1 {Winning material.} 17. Ng3 (17. Rc1 Nd3 $17 (17...
Rac8 $17)) 17... Nxg3 18. hxg3 Nc2 19. Rc1 Nxe1 20. Qxe1 c6 21. Bd2 $1 {
[%mdl 256] White sensibly opts for a closed game. The black R:s needs open
files to be effective.} (21. Rxc6 Rfc8 22. Qc3 Qe8 $17) 21... Rfc8 22. Bb4 Bd8
23. Bc5 h6 24. Qe2 a5 25. Qc2 {Interesting decision. Exchanging Q:s allows
White to activate his K. It also reduces Black attacking potential, which
makes it more difficult to break open the position.} Qxc2 (25... Qh5 $5 {
Black can only win this on the K-side with an attack, so why not keep the
strongest attacker on the board?}) 26. Rxc2 b4 27. Rc1 Bg5 {Here Black must
form a plan. One way to play would be to put the K on d7 and the B on c7 and
then to bring the R:s over to the K-side followed by advancing the g and h-P:s.
} 28. Rd1 Kf7 29. Ne1 h5 $6 {This is premature and gives White some active
possibilities.} 30. Nd3 Bd8 31. f3 g5 32. Kf2 Rab8 33. Ke3 Rb5 $6 {The R is
doing nothing here.} 34. Rh1 Kg6 35. Bd6 Bb6 $2 {Black is locking out his own
forces. He has forgotten what K, R, B and N can do to a lonesome K.} 36. f4 $1
$40 c5 (36... g4 37. f5+ $1 Kxf5 38. Rxh5+ Kg6 39. Nf4+ Kf7 40. Rh7+ Kg8 41.
Re7 c5 42. Nh5 $40) (36... Bd8 $142 37. Nc5 Rxc5 38. Bxc5 $14) 37. fxg5 $1 (37.
dxc5 $2 Bxc5+ 38. Nxc5 Rbxc5 39. Bxc5 Rxc5 $15) 37... cxd4+ 38. Kf3 Kxg5 (38...
Rc2 39. Nf4+ Kf7 40. Rxh5 $40) 39. Nf4 Rh8 40. Be7+ Kf5 41. Bf6 {[%mdl 64]
It´s mate in two! A beautiful turn-around of the game.} (41. Bf6 Rh6 42. Rxh5+
Rxh5 43. g4#) 1-0

[Event "Aruba m2"]
[Site "Aruba"]
[Date "1995.??.??"]
[Round "2"]
[White "Polgar, Judit"]
[Black "Piket, Jeroen"]
[Result "1/2-1/2"]
[WhiteElo "2635"]
[BlackElo "2625"]
[Annotator "Wedberg,T"]
[PlyCount "82"]
[EventDate "1995.10.??"]
[EventType "match"]
[EventRounds "8"]
[EventCountry "NAU"]
[SourceTitle "CBM 050"]
[Source "ChessBase"]
[SourceDate "1996.02.01"]
[SourceVersion "1"]
[SourceVersionDate "1996.02.01"]
[SourceQuality "1"]

1. e4 e5 2. Nf3 Nc6 3. Bb5 a6 4. Ba4 Nf6 5. O-O Be7 6. Re1 b5 7. Bb3 d6 8. c3
O-O 9. d3 Na5 10. Bc2 c5 11. Nbd2 Nc6 12. Nf1 Re8 13. Ng3 h6 (13... Bf8 14. h3
(14. d4 Qc7 15. d5 Nb8 16. a4 Ra7 17. Qe2 Rb7 18. axb5 axb5 19. h3 g6 20. Be3
Nfd7 21. Nh2 Bg7 22. Qd2 Nb6 23. b3 N6d7 24. Rf1 b4 25. c4 Nf8 26. Bh6 Bh8 27.
Ng4 Qe7 28. Bg5 f6 29. Nh6+ Kg7 30. Bh4 Qd8 31. f4 Kxh6 32. fxe5+ g5 33. e6 Kg7
34. Rxf6 gxh4 35. Qg5+ Ng6 36. e5 Kg8 37. Nh5 Bg7 38. Raf1 dxe5 39. Bxg6 hxg6
40. Qxg6 Bxe6 41. Rf7 Rxf7 42. Rxf7 {1-0 Cohn,E-Burn,A/Karlsbad ;HCL 01-33 1911
}) 14... h6 15. d4 Bd7 16. Be3 cxd4 17. cxd4 exd4 18. Nxd4 d5 19. exd5 Nb4 20.
Qf3 Nbxd5 21. Rad1 Nxe3 22. Rxe3 Rxe3 23. fxe3 Rc8 24. Bb3 Qb6 25. Kh1 g6 26.
Ne4 Be7 27. Rf1 Kg7 28. Nc3 Rf8 29. Nd5 Nxd5 30. Qxd5 Be8 31. Rc1 Qd6 32. Qb7
Kg8 33. Rc7 Bd8 34. Rc1 Bg5 35. Rd1 Qf6 36. e4 Qe7 37. Qxa6 Kh7 38. Nf3 Qxe4
39. Nxg5+ hxg5 40. Qf6 Qf4 41. Qxf4 gxf4 42. Rd8 Kg7 43. Bd5 g5 44. a3 f5 45.
Kg1 Bh5 46. Rxf8 Kxf8 47. Be6 Ke7 48. Bxf5 Kd6 49. Kf2 Be8 50. Kf3 Bh5+ 51. Ke4
Be8 52. Kd4 Bc6 53. Be4 Be8 54. Bf3 Bg6 55. b3 Bc2 56. Kc3 Bf5 57. Kb4 Bd3 58.
a4 bxa4 59. bxa4 Bf1 60. Be4 Be2 61. Bb7 g4 62. hxg4 Bxg4 63. a5 Be2 64. a6 Kc7
65. Ka5 {1-0 Emms,J-Balashov,Y/Cappelle op (03) ;EXT 92op 1992}) 14. h3 (14. d4
Nxd4 15. cxd4 Bg4 16. Nf5 cxd4 17. N5xd4 exd4 18. Qxd4 Bxf3 19. gxf3 Nh5 20.
Kh1 Bf6 21. e5 Rxe5 22. Rxe5 Bxe5 23. Qe4 Nf6 24. Qh4 Qc8 25. Bd3 Qc6 26. Qh3
Qd5 27. Bc2 Qc5 28. Bxh6 Qxc2 29. Bg5 Qh7 30. Bh6 Kh8 31. Rg1 Kg8 {0-1 Ionescu
Baciu,O-Wang Lei/Calimanesti-W ;EXT 92 1992}) 14... Be6 (14... Qc7 15. Nh4 Bf8
16. Qf3 Kh7 17. Be3 Ng8 18. d4 g6 19. d5 Na5 20. Qe2 Nc4 21. Bc1 Nb6 22. f4 {
1/2-1/2 Inkiov,V-Ninov,K/BUL-ch ;EXT 88ch 1988}) (14... Bf8) 15. d4 cxd4 16.
cxd4 exd4 17. Ne2 Nb4 18. Bb1 d3 19. Ned4 Bf8 20. a3 Nc2 21. Nxc2 dxc2 22. Bxc2
Bc8 23. Nd4 Bb7 24. f3 g6 25. a4 b4 26. Qd2 Qc7 27. Qxb4 d5 28. Qc3 Qxc3 29.
bxc3 dxe4 30. Rb1 Bd5 31. Kf2 Rac8 32. Bd2 Kg7 33. Bb3 Ba8 34. Re2 Bd6 35. Ba2
Nh5 36. Rb6 Bg3+ 37. Kg1 Nf4 38. Re3 Nd3 39. Kf1 Nc5 40. Re2 a5 41. Rb5 Nxa4
1/2-1/2